000 00755nam a2200241 a 4500
001 000027815
005 20240510073819.0
008 110405s1994 dr 001 0 spa d
040 _aDO-SdBNP
_bspa
_cBNPHU
082 _a270.82
_bS491r, 1994
245 0 3 _aEl servidor en la renovación.
250 _a3ª ed.
260 _aSanto Domingo :
_bEdiciones MSC,
_bAmigo del hogar,
_c1994.
300 _a80 p. ;
_c15 cm.
490 1 _aFuente de vida
_aPastoral
_v14
590 _aInventariado, 2018/ YL
650 4 _aMovimiento carismático
_9666
650 0 _aVida cristiana
_9668
650 4 _aEvangelización
_9476
650 4 _aGrupos de oración
_926144
830 0 _aFuente de vida.
_gPastoral
_n14
_954887
910 _aValidado. Control de calidad EMS.
999 _c27307
_d27307